Statistics for Guess The Element! (Medium)

Click here to take the quiz!

General Stats

  • This quiz has been taken 11 times
  • The average score is 7 of 15

Answer Stats

HintAnswer% Correct
Pencil lead today is made out ofCarbon
91%
This Gas was used in WW1 By GermanyChlorine
73%
(YB) is the element symbol forYtterbium
73%
Pennies are Copper platedZinc
73%
Found in most light bulbsArgon
55%
What is the Heaviest Element Required for Life?Iodine
55%
This Non-toxic metal will melt in your hands!Gallium
45%
USSR used this Element to kill spysPolonium
45%
What is the Heaviest Noble Gas?Oganesson
36%
Next to Neodymium theres Promethium andPraseodymium
36%
Lightest Transition MetalScandium
27%
What is the Heaviest Non-Metal?Selenium
27%
This element is named after the God of LightningThorium
27%
What is the Rarest transition Metal on Earth?Iridium
18%
Isotope 90 of this element can give you cancerStrontium
18%

Score Distribution

Percentile by Number Answered

Percent of People with Each Score

Your Score History

You have not taken this quiz